[Event "AUTO-INT-2798"]
[Site "http://www.queenalice.com/game.php?id=1251223"]
[Date "2014.1.25"]
[Round "1"]
[White "Ruusgugg"]
[Black "sama"]
[Result "0-1"]
[WhiteElo "1337"]
[BlackElo "1552"]

1. b3 e5 2. Bb2 Nc6 3. e4 g6 4. Nh3 Bg7 5. Nc3 Nf6 6. Ng5 d5 7. exd5 Nxd5 8.
Nxd5 Qxd5 9. f3 Qd8 10. Bc4 Qxg5 11. O-O Bh3 12. g4 Rd8 13. Re1 Rxd2 14. Qb1
Rg2+ 15. Kf1 Rxg4+ 16. Ke2 Rg2+ 17. Kd1 Qd2# 0-1

[Event "AUTO-INT-2798"]
[Site "http://www.queenalice.com/game.php?id=1251224"]
[Date "2014.1.25"]
[Round "1"]
[White "sama"]
[Black "Ruusgugg"]
[Result "1-0"]
[WhiteElo "1614"]
[BlackElo "1308"]

1. e4 d5 2. exd5 Qxd5 3. Nc3 Qd8 4. d4 Nc6 5. Nf3 Nf6 6. Bf4 e6 7. a3 Be7 8. Bc4
O-O 9. O-O Ng4 10. Ne5 h5 11. Nxg4 hxg4 12. Be3 Bd6 13. Qxg4 Na5 14. Bd3 e5 15.
Qh5 f6 16. Qh7+ Kf7 17. Bg6+ Ke6 18. d5+ Ke7 19. Qxg7+ Rf7 20. Qxf7# 1-0

[Event "AUTO-ADV-3068"]
[Site "http://www.queenalice.com/game.php?id=1253509"]
[Date "2014.2.3"]
[Round "1"]
[White "raven225"]
[Black "sama"]
[Result "1-0"]
[WhiteElo "1852"]
[BlackElo "1656"]

1. e4 c5 2. Nf3 Nc6 3. Nc3 d6 4. Bb5 g6 5. O-O Bg7 6. d4 cxd4 7. Bxc6+ bxc6 8.
Nxd4 c5 9. Nde2 Nf6 10. Bg5 O-O 11. Ng3 Nd7 12. Rb1 a6 13. Nd5 Nf6 14. Nxf6+
exf6 15. Bf4 Re8 16. Bxd6 Bf8 17. Bxf8 Rxf8 18. Qf3 Bb7 19. Qc3 Qb6 20. Rfe1
Rfe8 21. f3 Rad8 22. Kh1 Rd7 23. Nf1 Red8 24. Ne3 Qc7 25. Qxf6 1-0

[Event "AUTO-ADV-3068"]
[Site "http://www.queenalice.com/game.php?id=1253510"]
[Date "2014.2.3"]
[Round "1"]
[White "sama"]
[Black "raven225"]
[Result "0-1"]
[WhiteElo "1647"]
[BlackElo "1860"]

1. e4 c5 2. Nf3 Nc6 3. Bc4 e6 4. O-O Nf6 5. Nc3 Be7 6. d3 O-O 7. Be3 d6 8. Re1
Na5 9. Bb5 a6 10. Ba4 b5 11. Bb3 Bd7 12. a3 Nxb3 13. cxb3 Re8 14. a4 b4 15. Ne2
Ng4 16. h3 Nxe3 17. fxe3 e5 18. Rc1 a5 19. Rf1 h6 20. Nh4 Bxh4 21. Kh1 Qg5 22.
Qd2 Re6 23. Rf5 Qg6 24. Ng1 Re7 25. Nf3 Qg3 26. Nxh4 Qxh4 0-1

[Event "AUTO-ADV-3068"]
[Site "http://www.queenalice.com/game.php?id=1253523"]
[Date "2014.2.3"]
[Round "1"]
[White "positionalgenius"]
[Black "sama"]
[Result "1-0"]
[WhiteElo "2050"]
[BlackElo "1795"]

1. e4 c5 2. Nf3 d6 3. d4 cxd4 4. Nxd4 Nc6 5. Bb5 Bd7 6. O-O Nf6 7. Re1 g6 8. Bg5
Bg7 9. c3 O-O 10. Bxc6 Bxc6 11. Nd2 a6 12. Nxc6 bxc6 13. e5 Nd5 14. exd6 Qxd6
15. c4 Nf6 16. Ne4 1-0

[Event "AUTO-ADV-3068"]
[Site "http://www.queenalice.com/game.php?id=1253524"]
[Date "2014.2.3"]
[Round "1"]
[White "sama"]
[Black "positionalgenius"]
[Result "0-1"]
[WhiteElo "1808"]
[BlackElo "2043"]

1. e4 c5 2. Nf3 Nc6 3. Bc4 e6 4. Nc3 a6 5. O-O b5 6. Be2 g6 7. d3 Bg7 8. Bf4 d5
9. exd5 exd5 10. Re1 Nge7 11. a3 O-O 12. h3 Bb7 13. Qd2 Re8 0-1

[Event "AUTO-ADV-3068"]
[Site "http://www.queenalice.com/game.php?id=1253531"]
[Date "2014.2.3"]
[Round "1"]
[White "acm_chessmaster"]
[Black "sama"]
[Result "0-1"]
[WhiteElo "1841"]
[BlackElo "1807"]

1. e4 c5 2. d4 cxd4 3. Qxd4 Nc6 4. Qd1 g6 5. Nf3 d6 6. Nc3 Bg7 7. Bd2 Nf6 8. Bd3
O-O 9. O-O Bg4 10. Nd5 Ne5 11. Nxf6+ Bxf6 12. Be2 Nxf3+ 13. Bxf3 Bxf3 14. Qxf3
Qd7 15. Bh6 Rfd8 16. Qc3 Bxc3 17. bxc3 Qa4 18. Rfc1 Qxe4 19. a4 Rdc8 20. Re1
Qxc2 21. g3 Rxc3 22. Rxe7 b6 23. Rae1 Rcc8 24. h4 Qxa4 25. R1e3 Re8 26. Bg5 Rxe7
27. Rxe7 Re8 28. Rc7 b5 29. Bh6 b4 30. Kh2 b3 31. Rb7 a5 32. Rb6 Qa2 33. Rxd6
Qxf2+ 34. Kh3 Qf1+ 35. Kg4 Qf5# 0-1

[Event "AUTO-ADV-3068"]
[Site "http://www.queenalice.com/game.php?id=1253532"]
[Date "2014.2.3"]
[Round "1"]
[White "sama"]
[Black "acm_chessmaster"]
[Result "0-1"]
[WhiteElo "1705"]
[BlackElo "1847"]

1. e4 e5 2. Nf3 Nc6 3. Bc4 Bc5 4. O-O d6 5. h3 Qf6 6. Nc3 Be6 7. Nd5 Qd8 8. c3
Nge7 9. d4 exd4 10. Nxd4 Nxd4 11. cxd4 Bb6 12. Nxb6 axb6 13. Bxe6 fxe6 14. Qh5+
g6 15. Qh6 Kd7 16. Bg5 Qf8 17. Qxf8 Rhxf8 18. f3 Ra5 19. Be3 c5 20. b3 d5 21. e5
Nf5 22. Bd2 Raa8 23. Rfd1 Kc6 24. Bc3 Ng3 25. Rd2 Nh5 26. Kf2 h6 27. g4 Ng7 28.
Ke3 g5 29. a4 b5 30. axb5+ Kxb5 31. Rda2 Rxa2 32. Rxa2 b6 33. Ra7 Rg8 34. Re7
Kc6 35. Kd3 h5 36. Bd2 hxg4 37. hxg4 Kb5 38. Bxg5 Ne8 39. Rxe6 Nc7 40. Re7 c4+
41. Kc3 Na6 42. bxc4+ dxc4 43. Bf6 Nb4 44. Rd7 Ra8 0-1

[Event "Challenge"]
[Site "http://www.queenalice.com/game.php?id=1263720"]
[Date "2014.3.10"]
[Round "-"]
[White "sama"]
[Black "Vladimir"]
[Result "0-1"]
[WhiteElo "1664"]
[BlackElo "1912"]

1. e4 e5 2. Nf3 Nc6 3. Bc4 h6 4. O-O Nf6 5. d3 Bc5 6. Nc3 d6 7. h3 a6 8. a3 O-O
9. Nd5 Be6 10. Nxf6+ Qxf6 0-1

[Event "AUTO-ADV-3098"]
[Site "http://www.queenalice.com/game.php?id=1263825"]
[Date "2014.3.10"]
[Round "1"]
[White "Corvidae"]
[Black "sama"]
[Result "1-0"]
[WhiteElo "1987"]
[BlackElo "1851"]

1. Nf3 c5 2. c4 Nc6 3. d4 cxd4 4. Nxd4 g6 5. e4 Bg7 6. Be3 Nf6 7. Nc3 d6 8. Be2
O-O 9. h3 Bd7 10. a3 a5 11. Nxc6 Bxc6 12. Bd3 e6 13. O-O Nd7 14. Qc2 Nc5 15.
Bxc5 dxc5 16. Rad1 Qc7 17. Ne2 Qe5 18. Rb1 1-0

[Event "AUTO-ADV-3098"]
[Site "http://www.queenalice.com/game.php?id=1263826"]
[Date "2014.3.10"]
[Round "1"]
[White "sama"]
[Black "Corvidae"]
[Result "0-1"]
[WhiteElo "1827"]
[BlackElo "1998"]

1. e4 c5 2. Nf3 e6 3. Nc3 Nc6 4. Bb5 a6 5. Bd3 d6 6. O-O e5 7. h3 Nf6 8. b3 Be6
9. Bb2 b5 10. Re1 g6 11. Rb1 Bg7 12. Bf1 O-O 13. d3 Nd4 14. g3 h6 15. Bg2 Ra7
16. Nxd4 cxd4 0-1

[Event "AUTO-ADV-3098"]
[Site "http://www.queenalice.com/game.php?id=1263843"]
[Date "2014.3.10"]
[Round "1"]
[White "sama"]
[Black "chessman"]
[Result "0-1"]
[WhiteElo "1766"]
[BlackElo "1911"]

1. e4 e6 2. d3 d5 3. Nd2 Nf6 4. g3 c5 5. Bg2 Be7 6. Ne2 O-O 7. O-O Nfd7 8. c3
Nc6 9. exd5 exd5 10. Nb3 Nf6 0-1

[Event "AUTO-ADV-3098"]
[Site "http://www.queenalice.com/game.php?id=1263844"]
[Date "2014.3.10"]
[Round "1"]
[White "chessman"]
[Black "sama"]
[Result "1-0"]
[WhiteElo "1900"]
[BlackElo "1785"]

1. e4 c5 2. Nf3 Nc6 3. d4 cxd4 4. Nxd4 Nf6 5. Nc3 d6 6. Be2 g6 7. O-O Bg7 8. Be3
O-O 9. Rb1 Bd7 10. f3 a6 11. g4 1-0

[Event "AUTO-ADV-3098"]
[Site "http://www.queenalice.com/game.php?id=1263845"]
[Date "2014.3.10"]
[Round "1"]
[White "sama"]
[Black "TomTheKing"]
[Result "0-1"]
[WhiteElo "1750"]
[BlackElo "1743"]

1. e4 e5 2. Nf3 Nc6 3. d4 Bd6 4. Bc4 Nge7 5. O-O h6 6. Nc3 f5 7. Nxe5 Bxe5 8.
dxe5 Nxe5 9. Bb3 d6 10. exf5 Bxf5 11. Re1 Qd7 0-1

[Event "AUTO-ADV-3098"]
[Site "http://www.queenalice.com/game.php?id=1263846"]
[Date "2014.3.10"]
[Round "1"]
[White "TomTheKing"]
[Black "sama"]
[Result "1-0"]
[WhiteElo "1759"]
[BlackElo "1726"]

1. e4 c5 2. c4 Nc6 3. d3 g6 4. Be3 Bg7 5. Qd2 Nf6 6. Bxc5 d6 7. Be3 O-O 8. Nc3
Ne5 9. Bd4 Nc6 10. Nf3 Nxd4 11. Nxd4 1-0